Outlander - Statistiques

Statistiques générales
  • Ce quiz a été pris 471 fois
  • Le résultat moyen est 7 sur 15
Statistiques - réponses
Hint Réponse % Correct
personnage principal (femme) Claire fraser
93%
personnage principal (homme) jamie fraser
92%
compagnon de Claire frank randall
76%
fille brianna randall / fraser
74%
époux de Brianna roger mackenzie
65%
chef de guerre du clan Mackenzie dougal mackenzie
62%
capitaine anglais jonathan randall
62%
Claudel ( son nom français) fergus
55%
parrain du jeune écossais murtagh
47%
fille de Laoghaire marsali fraser
35%
sorcière geillis duncan
28%
garde du corps de Dougal angus
19%
soeur de Jamie janet fraser murray
18%
cousin de Colum et Dougal rupert
13%
jeune fille innocente mary hawkins
8%
Aucun quiz correspondant
Distribution des résultats
% des personnes avec chaque résultat
Percentile par nombre de réponses
Votre historique - résultats
Vous n’avez pas pris ce quiz